El hombre un creador de signos /

Detalles Bibliográficos
Autor principal: Ayala Pérez, Teresa
Formato: Analitica de revista
Lenguaje:español
Publicado: Santiago, Chile Universidad Metropolitana de Ciencias de la Educación 1998

MARC

LEADER 00000cab a2200000 a 4500
001 029246
003 UAHC_CL
005 20170803123043.0
008 051223b xx j 000 1 spa
040 |a UAHC_CL  |c UAHC_CL  |d UAHC_CL 
100 1 |a Ayala Pérez, Teresa 
245 1 3 |a El hombre un creador de signos /  |c Teresa Ayala Pérez. 
260 |b Universidad Metropolitana de Ciencias de la Educación  |c 1998  |a Santiago, Chile 
300 |a pp. 77-84 
590 |a Nota de migración: referencia analitica PP042 
759 |a PP042 
900 |a CONTEXTOS-01/98 
942 |c REVA 
952 |0 0  |1 0  |4 0  |6 CONTEXTOS_01_98_000000000000000  |7 0  |8 General  |9 57575  |a BC  |b BC  |c General  |d 2017-08-03  |l 0  |o CONTEXTOS-01/98  |p FICTICIO1804  |r 2019-01-08 00:00:00  |t 1  |w 2017-08-03  |y REVA 
999 |c 29246  |d 29246